Top 20 des meilleurs buteurs de la sélection hollandaise - Statistiques

Statistiques générales
  • Ce quiz a été pris 95 fois
  • Le résultat moyen est 8 sur 20
Statistiques - réponses
Nombre de buts Joueurs % Correct
50 Robin van Persie
93%
24 Marco van Basten
83%
44 Memphis Depay
83%
37 Arjen Robben
80%
33 Johan Cruyff
80%
35 Ruud van Nistelrooy
77%
31 Wesley Sneijder
61%
37 Dennis Bergkamp
53%
42 Klaas-Jan Huntelaar
48%
40 Patrick Kluivert
45%
25 Rafael van der Vaart
31%
24 Dirk Kuyt
28%
28 Georginio Wijnaldum
12%
35 Faas Wilkes
1%
33 Abe Lenstra
0%
28 Beb Bakhuys
0%
26 Kick Smit
0%
19 Leen Vente
0%
17 Mannes Francken
0%
17 Tonny van der Linden
0%
Aucun quiz correspondant
Distribution des résultats
% des personnes avec chaque résultat
Percentile par nombre de réponses
Votre historique - résultats
Vous n’avez pas pris ce quiz